Pays d'Afrique par deuxième plus grande ville - Statistiques

Statistiques générales
  • Ce quiz a été pris 23 fois
  • Le résultat moyen est 17 sur 54
Statistiques - réponses
Ville Pays % Correct
Fès Maroc
100%
Le Cap Afrique du Sud
95%
Oran Algérie
95%
Alexandrie Égypte
95%
Dakar Sénégal
90%
Khartoum Soudan
85%
Yaoundé Cameroun
80%
Sfax Tunisie
80%
Gitega Burundi
75%
Mbabane Eswatini
70%
Malabo Guinée équatoriale
70%
Benghazi Libye
70%
Kano Nigeria
65%
Mombasa Kenya
55%
Pointe-Noire République du Congo
40%
Bouaké Côte d'Ivoire
30%
Port-Gentil Gabon
30%
Kumasi Ghana
25%
Hargeisa Somalie
25%
Abomey-Calavi Bénin
20%
Bobo-Dioulasso Burkina Faso
20%
Mutsamudu Comores
20%
Ali Sabieh Djibouti
20%
Toamasina / Tamatave Madagascar
20%
Beau Bassin-Rose Hill Maurice
20%
Nouâdhibou Mauritanie
20%
Walvis Bay Namibie
20%
Mindelo Cap-Vert
15%
Gondar Éthiopie
15%
Nzérékoré Guinée
15%
Sikasso Mali
15%
De Quincey Seychelles
15%
Kara Togo
15%
Huambo Angola
10%
Francistown Botswana
10%
Assab Érythrée
10%
Teyateyaneng Lesotho
10%
Blantyre Malawi
10%
Maradi Niger
10%
Gulu Ouganda
10%
Mbujimayi République Démocratique du Congo
10%
Santo Amaro Sao Tomé-et-Principe
10%
Winejok Soudan du Sud
10%
Mwanza Tanzanie
10%
Moundou Tchad
10%
Ndola Zambie
10%
Bafatá Guinée-Bissau
5%
Ganta Liberia
5%
Matola Mozambique
5%
Bimbo République Centrafricaine
5%
Butare Rwanda
5%
Bo Sierra Leone
5%
Bulawayo Zimbabwe
5%
Brikama Gambie
0%
Aucun quiz correspondant
Distribution des résultats
% des personnes avec chaque résultat
Percentile par nombre de réponses
Votre historique - résultats
Vous n’avez pas pris ce quiz